000 00706nam a22002417a 4500
003 DO-SdBNP
005 20180118103442.0
008 151120b 1965 sp xxu||||| |||| 00| 0 spa d
010 _a00260
040 _aBPMSU
_bspa
_cBPMSU
092 _axxxxx
_bxxxxx
100 1 _aGarcia-Lomas, M. Dolores
245 0 0 _aCyrano de Bergerac /
_cversión ; M. Dolores Garcia-Lomas ; ilustraciones A. Bevia.
260 _aBarcelona :
_bMateu,
_c1965.
300 _a254 p. :
_bil. ;
_c20 cm.
490 1 _a Juvenil Cadete
_v145
700 1 2 _aBevia, A.,
_eil.
830 0 _aJuvenil Cadete ;
_n145
910 _a00260
942 _2ddc
_cBK
945 _ainventariado, 2018 / dg
956 _aLorenza Pérez
_b10
999 _c8834
_d8834